000
00293nam a22001337a 4500
003
SGT
020
_a
999331084
082
_a
920
_b
A01K
100
_a
KOIRALA, B. PRASAD
245
_a
ATMABRITTANTA: LATE LIFE RECOLLECTIONS
260
_b
HIMAL BOOKS
_c
2001
300
_a
304
942
_2
ddc
_c
BK
999
_c
32042
_d
32042